MARC details
| 000 -CABECERA |
| campo de control de longitud fija |
01597nam a22003254i 4500 |
| 001 - NÚMERO DE CONTROL |
| campo de control |
991061597665706706 |
| 003 - IDENTIFICADOR DEL NÚMERO DE CONTROL |
| campo de control |
ES-BaIT |
| 005 - FECHA Y HORA DE LA ÚLTIMA TRANSACCIÓN |
| campo de control |
20260203132856.0 |
| 008 - DATOS DE LONGITUD FIJA--INFORMACIÓN GENERAL |
| campo de control de longitud fija |
260126e202401 sp o 000 d spa c |
| 017 ## - NÚMERO DE COPYRIGHT O DE DEPÓSITO LEGAL |
| Número de copyright o de depósito legal |
DL M 3111-2024 |
| Agencia que asigna |
Oficina DL Madrid |
| 020 ## - NÚMERO INTERNACIONAL ESTÁNDAR DEL LIBRO |
| Número Internacional Estándar del Libro |
9788490414910 |
| 040 ## - FUENTE DE LA CATALOGACIÓN |
| Centro catalogador/agencia de origen |
ES-BaIT |
| Lengua de catalogación |
cat |
| Normas de descripción |
rda |
| Centro/agencia transcriptor |
ES-BaIT |
| 080 ## - NÚMERO DE LA CLASIFICACIÓN DECIMAL UNIVERSAL |
| Número de la Clasificación Decimal Universal |
860(82)-2"19" |
| 100 ## - ENTRADA PRINCIPAL--NOMBRE DE PERSONA |
| Nombre de persona |
Despeyroux, Denise |
| Término indicativo de función/relación |
autor |
| 9 (RLIN) |
121776 |
| 245 10 - MENCIÓN DE TÍTULO |
| Título |
Misericordia / |
| Mención de responsabilidad, etc. |
Denise Despeyroux |
| 250 ## - MENCIÓN DE EDICIÓN |
| Mención de edición |
Primera edición |
| 264 #1 - PRODUCCIÓN, PUBLICACIÓN, DISTRIBUCIÓN, FABRICACIÓN Y COPYRIGHT |
| Producción, publicación, distribución, fabricación y copyright |
[Madrid] : |
| Nombre del de productor, editor, distribuidor, fabricante |
Centro Dramático Nacional, |
| Fecha de producción, publicación, distribución, fabricación o copyright |
enero 2024 |
| 300 ## - DESCRIPCIÓN FÍSICA |
| Extensión |
151 pàgines : |
| Otras características físicas |
fotografies (en color) ; |
| Dimensiones |
22 cm |
| 336 ## - TIPO DE CONTENIDO |
| Término de tipo de contenido |
text |
| Código de tipo de contenido |
txt |
| Fuente |
rdacontent |
| 337 ## - TIPO DE MEDIO |
| Nombre/término del tipo de medio |
sense mediació |
| Código del tipo de medio |
n |
| Fuente |
rdamedia |
| 338 ## - TIPO DE SOPORTE |
| Nombre/término del tipo de soporte |
volum |
| Código del tipo de soporte |
nc |
| Fuente |
rdacarrier |
| 490 1# - MENCIÓN DE SERIE |
| Mención de serie |
Centro Dramático Nacional ; |
| Designación de volumen o secuencia |
30 |
| 500 ## - NOTA GENERAL |
| Nota general |
P5: D3, H2 |
| 520 ## - SUMARIO, ETC. |
| Sumario, etc. |
"El dramaturgo Darío Duarte se enfrenta a su primer estreno en la sala grande del CDN. Hijo del exilio uruguayo, mientras convive con dos hermanas tan disfuncionales como él y un amigo fracasado, se plantea practicar por primera vez la autoficción para hablar sobre el viaje que a sus cinco años le permitió conocer a su padre en la cárcel. El problema es que no recuerda nada. Su admirado Sergio Blanco le recomienda que hable con Denise Despeyroux. Pero ¿qué pinta en todo esto una dramaturga anticuada y con pretensiones filosóficas que a Darío no le interesa?" -- Coberta |
| 650 #0 - PUNTO DE ACCESO ADICIONAL DE MATERIA--TÉRMINO DE MATERIA |
| Término de materia o nombre geográfico como elemento de entrada |
Exiliats |
| Subdivisión de forma |
Textos dramàtics |
| 9 (RLIN) |
168307 |
| 830 ## - PUNTO DE ACCESO ADICIONAL DE SERIE-TÍTULO UNIFORME |
| Título uniforme |
Centro Dramático Nacional (Col·lecció) |
| Designación de volumen o secuencia |
30 |
| 9 (RLIN) |
167359 |
| 908 ## - COLOCAR PARÁMETRO DE COMANDO (RLIN) |
| Colocar parámetro de comando |
CDMAE |
| 940 ## - EQUIVALENCIA O REFERENCIA-CRUZADA--TÍTULO UNIFORME [OBSOLETO] [solamente CAN/MARC] |
| Título uniforme |
<a href="CVA38">CVA38</a> |
| 942 ## - ELEMENTOS DE ENTRADA AGREGADA (KOHA) |
| Fuente del sistema de clasificación o colocación |
Clasificación decimal universal |
| Tipo de ítem Koha |
Llibre |